000 01309nam a2200301 i 4500
003 CO-ViMGA
005 20230915224424.0
008 201202s2020 ck a br 000 jdspa d
020 _a9789585591721
040 _aCO-ViMGA
_bspa
_cCO-ViMGA
041 1 _hpor
084 _aC COL3
100 1 _aColasanti, Marina
_d1937-
_eautora
_95190
245 1 0 _aEntre la espada y la rosa /
_ctexto e ilustraciones Marina Colasanti; traduccion de Beatriz Peña
250 _aEdicion especial
260 _aBogota :
_bBabel Libros,
_c2020
300 _a112 paginas
_bilustraciones
_c18 cm
490 0 _aPlan Nacional de Lectura y Escritura Leer es mi Cuento / Ministerio de Cultura
505 _tLa dama del abanico
_tEl reino por un caballo
_tCinco cipreses, dos veces
_tRumbo a la estrella
_tEl castillo que se va
_t Una voz entre los arbustos
_tEl hombre atento
_tComo un collar
_tEn noches de luna llena
534 _tEntre a espada e a rosa
650 1 7 _2LEMB
_aAutores brasileños
_xSiglo XX
_9150422
650 1 7 _2LEMB
_aCuentos infantiles brasileños
_ySiglo XX
_9161888
650 1 7 _2LEMB
_aFantasi­a
_vCuentos
_912236
650 1 7 _2LEMB
_aImaginacion
_vCuentos
_910360
650 1 7 _2LEMB
_aLiteratura infantil brasileña
_ySiglo XX
_9653
700 1 _aPeña Trujillo, Beatriz
_etraductora
_9111748
942 _2ddc
_cBK
999 _c9058
_d9058